[Event "1st Lido Adriano Open"]
[Site "Ravenna ITA"]
[Date "2011.04.02"]
[Round "1"]
[White "Antoniacci, Riccardo"]
[Black "Shytaj, Luca"]
[Result "0-1"]
[BlackTitle "IM"]
[WhiteElo "1912"]
[BlackElo "2475"]
[WhiteFideId "804908"]
[BlackFideId "812633"]
[EventDate "2011.04.02"]
[EventType "tourn"]

1. e4 c5 2. Nf3 d6 3. d4 cxd4 4. Nxd4 Nf6 5. Nc3 a6 6. Bc4 e6 7. Bb3 b5 8. Qe2
Be7 9. g4 b4 10. Na4 d5 11. e5 Ne4 12. Be3 Qc7 13. O-O-O Nd7 14. f4 Ndc5 15. Kb1
Bd7 16. Nxc5 Bxc5 17. f5 a5 18. Rhf1 Bxd4 19. Bxd4 a4 20. Bxd5 exd5 21. e6 fxe6
22. fxe6 Bxe6 23. Qb5+ Qd7 24. Qxb4 Rc8 25. Be5 Qc6 26. Bxg7 Qxc2+ 27. Ka1 Rg8
28. Bh6 Qc4 29. Rf8+ Kd7 30. Qb7+ Rc7 31. Qb8 Rxf8 32. Qxf8 d4 33. Qa3 0-1

[Event "1st Lido Adriano Open"]
[Site "Ravenna ITA"]
[Date "2011.04.02"]
[Round "1"]
[White "Bruno, Fabio"]
[Black "Bondielli, Giorgio"]
[Result "1-0"]
[WhiteTitle "IM"]
[WhiteElo "2446"]
[BlackElo "1900"]
[WhiteFideId "801038"]
[BlackFideId "808865"]
[EventDate "2011.04.02"]
[EventType "tourn"]

1. d4 f5 2. Nf3 Nf6 3. g3 g6 4. b4 Bg7 5. c4 d6 6. Bb2 O-O 7. Nbd2 Nbd7 8. Qc2
Qe8 9. Bg2 c6 10. e3 e5 11. a3 e4 12. Ng1 d5 13. Ne2 g5 14. Qb3 Qf7 15. cxd5
cxd5 16. f4 g4 17. b5 Nb6 18. Bc3 Be6 19. Bb4 Rfc8 20. Nc3 Nc4 21. Nxc4 Rxc4 22.
Bf1 Rcc8 23. a4 Bf8 24. Be2 Rc7 25. Kd2 Bxb4 26. Qxb4 Rac8 27. Ra3 Nd7 28. a5 b6
29. Rc1 Qh5 30. Qd6 Qf7 31. Na2 Rxc1 32. Nxc1 bxa5 33. Nb3 Nb6 34. Nc5 Bd7 35.
Rxa5 Nc4+ 36. Bxc4 dxc4 37. Qxd7 c3+ 38. Kc2 1-0

[Event "1st Lido Adriano Open"]
[Site "Ravenna ITA"]
[Date "2011.04.02"]
[Round "1"]
[White "Gillespie, Gary"]
[Black "Zaslavsky, Mikhail"]
[Result "0-1"]
[BlackTitle "IM"]
[WhiteElo "1876"]
[BlackElo "2431"]
[WhiteFideId "2402777"]
[BlackFideId "2807670"]
[EventDate "2011.04.02"]
[EventType "tourn"]

1. e4 c5 2. Nf3 Nc6 3. d4 cxd4 4. Nxd4 Qb6 5. Nb3 Nf6 6. Nc3 e6 7. Be3 Qc7 8. f3
a6 9. Qd2 Be7 10. O-O-O d6 11. Kb1 Rb8 12. g4 b5 13. g5 Nd7 14. f4 b4 15. Na4
Na5 16. Nxa5 Qxa5 17. b3 Bb7 18. Bg2 O-O 19. h4 Rfd8 20. Qf2 Nc5 21. Nxc5 dxc5
22. h5 Qc7 23. g6 fxg6 24. hxg6 h6 25. Bh3 Qc6 26. e5 c4 27. Bg4 Bf8 28. Rhf1
cxb3 29. axb3 Qe8 30. f5 Be4 31. Rxd8 Rxd8 32. Bc5 exf5 33. Bxf5 Bxf5 34. Bxf8
Qxf8 35. Qxf5 Rd1+ 36. Rxd1 Qxf5 37. Rd8+ Qf8 38. Rxf8+ Kxf8 39. Kc1 Ke7 40. Kd2
Ke6 0-1

[Event "1st Lido Adriano Open"]
[Site "Ravenna ITA"]
[Date "2011.04.02"]
[Round "1"]
[White "Mentink, Toon"]
[Black "Stark, Lars"]
[Result "0-1"]
[BlackTitle "IM"]
[WhiteElo "1857"]
[BlackElo "2418"]
[WhiteFideId "1017322"]
[BlackFideId "4676386"]
[EventDate "2011.04.02"]
[EventType "tourn"]

1. c4 e5 2. Nc3 Nf6 3. d3 Bb4 4. Bd2 O-O 5. g3 Re8 6. Bg2 c6 7. Nf3 d5 8. a3
Bxc3 9. Bxc3 d4 10. Bd2 h6 11. O-O Bf5 12. Qc1 Nbd7 13. b4 Rc8 14. Qb2 b6 15.
Rad1 c5 16. Bc1 Qc7 17. b5 Rcd8 18. Rfe1 e4 19. Nh4 Bh7 20. dxe4 Nxe4 21. Bxe4
Bxe4 22. Nf3 Bxf3 23. exf3 Ne5 24. Qb3 Qb7 25. Re4 Nxf3+ 26. Qxf3 Qxe4 0-1

[Event "1st Lido Adriano Open"]
[Site "Ravenna ITA"]
[Date "2011.04.02"]
[Round "1"]
[White "Mashinskaya, Iulia"]
[Black "Murray, Jim G."]
[Result "1-0"]
[WhiteTitle "IM"]
[WhiteElo "2350"]
[BlackElo "1856"]
[WhiteFideId "4127609"]
[BlackFideId "2501490"]
[EventDate "2011.04.02"]
[EventType "tourn"]

1. d4 Nf6 2. Nc3 d5 3. Bg5 e6 4. e4 Bb4 5. e5 h6 6. Bd2 Bxc3 7. bxc3 Ne4 8. Bd3
Nxd2 9. Qxd2 c5 10. f4 Nc6 11. Nf3 Qa5 12. dxc5 Qxc5 13. Nd4 a6 14. Nb3 Qa7 15.
a4 Bd7 16. Rf1 O-O 17. Qf2 Rac8 18. Kd2 Rc7 19. Qxa7 Nxa7 20. Nd4 Nc6 21. a5
Rfc8 22. Ra3 Nxd4 23. cxd4 Bc6 24. g4 g6 25. h4 Bd7 26. Rg1 Bb5 27. c3 Bxd3 28.
Kxd3 Kf8 29. Rb1 Ke8 30. Rb6 h5 31. g5 Kd8 32. Rab3 Rb8 33. Rxa6 Kc8 34. Rab6
Ra8 35. R6b5 Ra7 36. R3b4 Ra6 37. c4 dxc4+ 38. Rxc4 Rac6 39. Rxc6 bxc6 40. Rb6
Kd7 41. Kc4 Ra7 42. a6 Rc7 43. Kc5 1-0

[Event "1st Lido Adriano Open"]
[Site "Ravenna ITA"]
[Date "2011.04.02"]
[Round "1"]
[White "Frederiksen, Jens"]
[Black "Djingarova, Emilia"]
[Result "0-1"]
[BlackTitle "WGM"]
[WhiteElo "1845"]
[BlackElo "2349"]
[WhiteFideId "1404822"]
[BlackFideId "2903229"]
[EventDate "2011.04.02"]
[EventType "tourn"]

1. e4 c5 2. Bc4 e6 3. Nc3 a6 4. a4 Nc6 5. f4 d6 6. Nf3 Nf6 7. d3 Be7 8. e5 Nd7
9. exd6 Bxd6 10. Ne4 Be7 11. Nfg5 Nf6 12. Be3 O-O 13. c3 b6 14. Qf3 Nd5 15. Bd2
h6 16. Nh3 Bb7 17. Ba2 Nf6 18. O-O-O b5 19. f5 exf5 20. Qxf5 Nxe4 21. dxe4 Qc8
22. Qh5 c4 23. Rhf1 Qe6 24. Nf4 Qe5 25. Qg4 Rad8 26. h4 Na5 27. Nd5 Bc8 28.
Nxe7+ Qxe7 29. Qg3 Rd3 30. Qf4 Rfd8 31. Rf3 Rxf3 32. gxf3 bxa4 33. Be3 Rxd1+ 34.
Kxd1 Qd7+ 35. Bd4 Nb3 36. e5 Qh3 37. Qe3 Qf1+ 38. Kc2 Bf5+ 0-1

[Event "1st Lido Adriano Open"]
[Site "Ravenna ITA"]
[Date "2011.04.02"]
[Round "1"]
[White "Radovanovic, Jovica"]
[Black "Moore, Robin"]
[Result "1-0"]
[WhiteTitle "FM"]
[WhiteElo "2299"]
[BlackElo "1837"]
[WhiteFideId "915912"]
[BlackFideId "2402807"]
[EventDate "2011.04.02"]
[EventType "tourn"]

1. Nf3 Nf6 2. g3 g6 3. d4 d5 4. c4 c6 5. cxd5 cxd5 6. Bg2 Bg7 7. O-O O-O 8. Nc3
Nc6 9. Ne5 e6 10. Nxc6 bxc6 11. Bf4 Nh5 12. Be3 a5 13. Rc1 Bd7 14. Na4 Rb8 15.
b3 Re8 16. Re1 Bf8 17. Nc5 Bxc5 18. Rxc5 Rb5 19. Qc2 Qb6 20. Rc1 Rc8 21. Bf1 Ng7
22. Bd2 Nf5 23. e3 Rxc5 24. Qxc5 Qxc5 25. Rxc5 a4 26. bxa4 Nd6 27. Bb4 Ne4 28.
Ra5 Rb8 29. a3 Kg7 30. Ra7 Be8 31. a5 Nf6 32. a6 Nd7 33. Bd6 Rc8 34. Rc7 Ra8 35.
Rb7 Kf6 36. a7 1-0

[Event "1st Lido Adriano Open"]
[Site "Ravenna ITA"]
[Date "2011.04.02"]
[Round "1"]
[White "De Groof, Maurice"]
[Black "Brinck-Claussen, Bjorn"]
[Result "0-1"]
[BlackTitle "IM"]
[WhiteElo "1830"]
[BlackElo "2262"]
[WhiteFideId "214418"]
[BlackFideId "1400134"]
[EventDate "2011.04.02"]
[EventType "tourn"]

1. e4 c5 2. Nf3 e6 3. d4 cxd4 4. Nxd4 a6 5. Be2 Nf6 6. Nc3 Qc7 7. f3 b5 8. a3
Bb7 9. Be3 Be7 10. Qd2 O-O 11. O-O d5 12. Bd3 Nbd7 13. exd5 Nxd5 14. Nxd5 Bxd5
15. Rad1 Bf6 16. c3 Nb6 17. Bf2 Bc4 18. Qe2 Be5 19. g3 g6 20. Rfe1 Bg7 21. f4
Rad8 22. Nf3 Rd5 23. Kg2 Rxd3 24. Rxd3 Bxd3 25. Qxd3 Rd8 26. Qe2 Nc4 27. Bd4 Rd5
28. Bxg7 Kxg7 29. Qc2 Qc5 30. Re2 Ne3+ 31. Rxe3 Qxe3 32. Nd4 a5 33. b4 a4 34.
Qb2 h5 35. Nf3 Rd3 36. c4+ f6 37. Qf2 bxc4 0-1

[Event "1st Lido Adriano Open"]
[Site "Ravenna ITA"]
[Date "2011.04.02"]
[Round "1"]
[White "Kraidman, Yair"]
[Black "Van Melsen, Raymond"]
[Result "1-0"]
[WhiteTitle "GM"]
[WhiteElo "2258"]
[BlackElo "1830"]
[WhiteFideId "2800187"]
[BlackFideId "263877"]
[EventDate "2011.04.02"]
[EventType "tourn"]

1. d4 Nf6 2. c4 e6 3. Nf3 Be7 4. Nc3 d6 5. e4 O-O 6. Be2 Nbd7 7. Bf4 a6 8. O-O
Nh5 9. Be3 g6 10. Ne1 Ng7 11. f4 f5 12. Nf3 h6 13. Qd2 fxe4 14. Nxe4 Nf5 15. Bf2
Nf6 16. Nxf6+ Bxf6 17. Bd3 Kg7 18. Rae1 Bd7 19. Re2 b5 20. b3 Nh4 21. Be4 Nxf3+
22. Bxf3 Rb8 23. Rfe1 Qc8 24. Bg4 bxc4 25. bxc4 d5 26. c5 Re8 27. c6 Bxc6 28.
Bxe6 Qb7 29. Qc3 Bb5 30. Rb2 Qc6 31. Qxc6 Bxc6 32. Rc2 Rb6 33. g4 Re7 34. f5 Bb5
35. Bxd5 Rxe1+ 36. Bxe1 Bxd4+ 37. Bf2 Bxf2+ 38. Kxf2 c6 39. Be4 gxf5 40. gxf5
Kf6 41. Ke3 Ke5 42. Rc5+ Kd6 43. Kd4 Ba4 44. Rc4 Bb5 45. Rc3 Ba4 46. f6 Ke6 47.
Rf3 Rb8 48. Bd3 Kf7 49. Bc4+ Kf8 50. Rg3 Rd8+ 51. Kc5 Ke8 52. Be6 Rd5+ 53. Bxd5
cxd5 54. Kxd5 Kf7 55. Ke5 Kf8 56. Ke6 Bb5 57. Rc3 1-0

[Event "1st Lido Adriano Open"]
[Site "Ravenna ITA"]
[Date "2011.04.02"]
[Round "1"]
[White "Hoenick, Andreas"]
[Black "De Caro, Nicola"]
[Result "1-0"]
[WhiteTitle "CM"]
[WhiteElo "2210"]
[BlackElo "1815"]
[WhiteFideId "4673522"]
[BlackFideId "846619"]
[EventDate "2011.04.02"]
[EventType "tourn"]

1. d4 Nf6 2. c4 g6 3. g3 Bg7 4. Bg2 O-O 5. Nc3 d6 6. Nf3 Nbd7 7. O-O a6 8. e4 e5
9. h3 Re8 10. Be3 exd4 11. Nxd4 Ne5 12. b3 c5 13. Nde2 Rb8 14. f4 Nc6 15. Qd2
Qe7 16. Rad1 Rd8 17. g4 Bxg4 18. hxg4 Nxg4 19. Nd5 Qh4 20. Rf3 Nh2 21. Rg3 Nd4
22. Bf2 Ng4 23. Nxd4 Bxd4 24. Rxg4 Bxf2+ 25. Qxf2 Qxg4 26. Nf6+ 1-0

[Event "1st Lido Adriano Open"]
[Site "Ravenna ITA"]
[Date "2011.04.02"]
[Round "1"]
[White "Proietti, Tosca"]
[Black "Addison, Bret C"]
[Result "0-1"]
[WhiteElo "1799"]
[BlackElo "2201"]
[WhiteFideId "837245"]
[BlackFideId "408107"]
[EventDate "2011.04.02"]
[EventType "tourn"]

1. e4 e5 2. Nf3 Nc6 3. Bc4 Bc5 4. O-O Nf6 5. d4 exd4 6. e5 d5 7. exf6 dxc4 8.
Re1+ Be6 9. Ng5 Qd5 10. Nc3 Qf5 11. g4 Qg6 12. Nd5 O-O-O 13. Nf4 Qxf6 14. Ngxe6
fxe6 15. Nxe6 Rd5 16. f4 Bb6 17. Kh1 h5 18. f5 hxg4 19. Qxg4 Qxf5 20. Qxf5 Rxf5
21. Nxg7 Rf2 22. Re8+ Rxe8 23. Nxe8 d3 24. cxd3 cxd3 25. Bg5 Ne5 26. Bh4 Re2 27.
Nf6 Nf3 28. Bg3 d2 29. Nd5 Re1+ 30. Rxe1 dxe1=Q+ 31. Bxe1 Nxe1 32. h4 Kd7 33. h5
Ke6 34. Nf4+ Kf5 0-1

[Event "1st Lido Adriano Open"]
[Site "Ravenna ITA"]
[Date "2011.04.02"]
[Round "1"]
[White "Popa, Claudio"]
[Black "Weinberg, Emanuele"]
[Result "1-0"]
[WhiteTitle "CM"]
[WhiteElo "2195"]
[BlackElo "1769"]
[WhiteFideId "805904"]
[BlackFideId "813788"]
[EventDate "2011.04.02"]
[EventType "tourn"]

1. e4 Nf6 2. e5 Nd5 3. d4 d6 4. Nf3 Nc6 5. c3 g6 6. Bc4 dxe5 7. dxe5 Nb6 8.
Qxd8+ Nxd8 9. Bb3 Be6 10. Nd4 Bxb3 11. axb3 a6 12. O-O c5 13. Nc2 Bg7 14. f4 O-O
15. Be3 Nd5 16. Bxc5 Ne6 17. Be3 Nxe3 18. Nxe3 Nc5 19. b4 Nd3 20. Nc4 Rac8 21.
Nba3 g5 22. fxg5 Nxe5 23. Nxe5 Bxe5 24. Rae1 Bd6 25. Nc2 e6 26. Ne3 Rfd8 27. Ng4
Rc7 28. Rd1 Be7 29. h4 Rxd1 30. Rxd1 Kg7 31. Kf2 f6 32. gxf6+ Bxf6 33. g3 h5 34.
Ne3 Be5 35. Kf3 Kh6 36. g4 hxg4+ 1-0

[Event "1st Lido Adriano Open"]
[Site "Ravenna ITA"]
[Date "2011.04.02"]
[Round "1"]
[White "Lynch, Peter J."]
[Black "Valenta, Vit"]
[Result "0-1"]
[WhiteElo "1721"]
[BlackElo "2181"]
[WhiteFideId "2501252"]
[BlackFideId "307440"]
[EventDate "2011.04.02"]
[EventType "tourn"]

1. e4 c5 2. Nf3 e6 3. d4 cxd4 4. Nxd4 a6 5. Be3 Nf6 6. f3 Qb6 7. Qc1 Bc5 8. c3
Nc6 9. Qd2 d5 10. exd5 Nxd5 11. Bf2 Nxd4 12. cxd4 Bb4 13. Nc3 Bd7 14. Bc4 Nxc3
15. bxc3 Ba5 16. Rc1 O-O 17. O-O Rfd8 18. Rfe1 Bb5 19. Bb3 Rac8 20. Re5 Qc7 21.
Qe3 Bb6 22. Qe4 Bc4 23. Be3 Bxb3 24. axb3 Qd7 25. Rh5 f5 26. Qd3 g6 27. Rh4 e5
28. Bg5 exd4 29. c4 Re8 30. c5 Bxc5 31. Bf6 Qf7 32. Bxd4 Bxd4+ 0-1

[Event "1st Lido Adriano Open"]
[Site "Ravenna ITA"]
[Date "2011.04.02"]
[Round "1"]
[White "Casadei, Mauro"]
[Black "Russo, Carmelo"]
[Result "1-0"]
[WhiteElo "2177"]
[BlackElo "1707"]
[WhiteFideId "804002"]
[BlackFideId "816590"]
[EventDate "2011.04.02"]
[EventType "tourn"]

1. c4 Nf6 2. g3 e5 3. Bg2 Bc5 4. Nc3 O-O 5. a3 a6 6. e3 c6 7. b4 Bb6 8. d4 exd4
9. exd4 d6 10. Nge2 Re8 11. O-O Bg4 12. h3 Be6 13. d5 Bd7 14. Bb2 Bc7 15. Nd4
Qc8 16. Kh2 cxd5 17. cxd5 Re5 18. g4 h5 19. Nf3 Re8 20. g5 Nh7 21. Qd4 Bf5 22.
Ne4 f6 23. gxf6 Re5 24. f7+ Kf8 25. Nxe5 dxe5 26. Qc5+ Kxf7 27. Rac1 Nd7 28.
Qxc7 Qxc7 29. Rxc7 b5 30. Nd6+ Kf6 31. Nxf5 1-0

[Event "1st Lido Adriano Open"]
[Site "Ravenna ITA"]
[Date "2011.04.02"]
[Round "1"]
[White "Gabbriellini, Gianfranco"]
[Black "Valenta, Vit"]
[Result "0-1"]
[WhiteElo "1698"]
[BlackElo "2181"]
[WhiteFideId "890910"]
[BlackFideId "307440"]
[EventDate "2011.04.02"]
[EventType "tourn"]

1. d4 Nf6 2. Nf3 d6 3. Bf4 g6 4. e3 Bg7 5. Be2 c6 6. Nbd2 h6 7. h3 a6 8. c3 b5
9. e4 Bb7 10. Bd3 Nbd7 11. a4 Nh5 12. Be3 e5 13. a5 O-O 14. b4 Nf4 15. Bxf4 exf4
16. O-O c5 17. d5 cxb4 18. Nb3 bxc3 19. Qc2 Rc8 20. g3 Ne5 21. Be2 Nxf3+ 22.
Bxf3 Qg5 23. h4 Qe5 24. g4 Bf6 25. g5 hxg5 26. Bg4 Rc4 27. f3 Bc8 28. Bxc8 Rfxc8 0-1

[Event "1st Lido Adriano Open"]
[Site "Ravenna ITA"]
[Date "2011.04.02"]
[Round "1"]
[White "Pinho, Paulo"]
[Black "Thonig, Manfred"]
[Result "1-0"]
[WhiteElo "2162"]
[BlackElo "1664"]
[WhiteFideId "1900498"]
[BlackFideId "24607550"]
[EventDate "2011.04.02"]
[EventType "tourn"]

1. d4 e6 2. c4 f5 3. g3 Nf6 4. Bg2 Bb4+ 5. Nd2 d5 6. Nf3 Ne4 7. O-O O-O 8. Qc2
Nc6 9. e3 a5 10. b3 Be7 11. Bb2 Nb4 12. Qb1 b6 13. Rd1 Bb7 14. Ne5 Bg5 15. Ndf3
Bf6 16. a3 Nc6 17. Qc2 Nxe5 18. dxe5 Be7 19. Nd4 Qc8 20. cxd5 Bxd5 21. Nxf5 Rxf5
22. Bxe4 Bxe4 23. Qxe4 Qf8 24. f4 Bc5 25. Kg2 Ra7 26. Rd7 Be7 27. Qc6 Rf7 28.
Qxe6 Qa8+ 29. Kf2 c5 30. Rad1 Rxd7 31. Rxd7 Qe4 32. Rxe7 Qc2+ 33. Kf3 Qd1+ 34.
Ke4 Qc2+ 35. Kd5 Qxb3+ 36. Kc6 1-0

[Event "1st Lido Adriano Open"]
[Site "Ravenna ITA"]
[Date "2011.04.02"]
[Round "1"]
[White "Aguera Naredo, Javier"]
[Black "Bruschi, Morvan"]
[Result "1-0"]
[WhiteTitle "FM"]
[WhiteElo "2359"]
[BlackElo "1630"]
[WhiteFideId "2204169"]
[BlackFideId "809454"]
[EventDate "2011.04.02"]
[EventType "tourn"]

1. e4 c6 2. d4 d5 3. Nc3 dxe4 4. Nxe4 Bf5 5. Ng3 Bg6 6. Nf3 e6 7. h4 h6 8. Ne5
Bh7 9. Qh5 g6 10. Qf3 Qe7 11. Ne4 Nd7 12. Nc4 Qb4+ 13. Bd2 Qe7 14. Ned6+ Kd8 15.
Nxf7+ 1-0

[Event "1st Lido Adriano Open"]
[Site "Ravenna ITA"]
[Date "2011.04.03"]
[Round "2"]
[White "Shytaj, Luca"]
[Black "Pinho, Paulo"]
[Result "1-0"]
[WhiteTitle "IM"]
[WhiteElo "2475"]
[BlackElo "2162"]
[WhiteFideId "812633"]
[BlackFideId "1900498"]
[EventDate "2011.04.02"]
[EventType "tourn"]

1. e4 c5 2. Nf3 e6 3. d4 cxd4 4. Nxd4 Nf6 5. Nc3 d6 6. g4 Nc6 7. g5 Nd7 8. Be3
Be7 9. h4 O-O 10. Qd2 Nde5 11. O-O-O Ng4 12. Kb1 Nxe3 13. Qxe3 Qb6 14. Ncb5 Bd7
15. Nxc6 Qxc6 16. Bd3 a6 17. Nc3 b5 18. e5 d5 19. h5 Qc5 20. Qg3 b4 21. Bxh7+
Kxh7 22. g6+ Kg8 23. h6 fxg6 24. Qxg6 Rf7 25. Rdg1 Bf8 26. Qh7+ 1-0

[Event "1st Lido Adriano Open"]
[Site "Ravenna ITA"]
[Date "2011.04.03"]
[Round "2"]
[White "Valenta, Vit"]
[Black "Bruno, Fabio"]
[Result "0-1"]
[BlackTitle "IM"]
[WhiteElo "2181"]
[BlackElo "2446"]
[WhiteFideId "307440"]
[BlackFideId "801038"]
[EventDate "2011.04.02"]
[EventType "tourn"]

1. c4 e6 2. e4 c5 3. Nc3 Nc6 4. d3 d6 5. g3 g6 6. Bg2 Bg7 7. Nge2 Nge7 8. O-O
O-O 9. Rb1 b6 10. b3 Bb7 11. Bb2 Qd7 12. Qd2 Rad8 13. Rbd1 Qc8 14. Qc1 f5 15. f4
Qa8 16. Nb5 a6 17. Bxg7 Kxg7 18. Qb2+ Kg8 19. Nbc3 Nd4 20. Nxd4 cxd4 21. Nb1
fxe4 22. dxe4 e5 23. Qe2 Kg7 24. Nd2 Rde8 25. Rf2 Ng8 26. f5 gxf5 27. Rxf5 Rxf5
28. Qg4+ Kh8 29. Qxf5 Rf8 30. Qd7 Rd8 31. Qf7 Bc8 32. Rf1 Qb7 33. Qh5 0-1

[Event "1st Lido Adriano Open"]
[Site "Ravenna ITA"]
[Date "2011.04.03"]
[Round "2"]
[White "Zaslavsky, Mikhail"]
[Black "Grahn, Lars"]
[Result "1-0"]
[WhiteTitle "IM"]
[WhiteElo "2431"]
[BlackElo "2100"]
[WhiteFideId "2807670"]
[BlackFideId "1707205"]
[EventDate "2011.04.02"]
[EventType "tourn"]

1. e4 Nf6 2. e5 Nd5 3. d4 d6 4. Nf3 dxe5 5. Nxe5 c6 6. Be2 Nd7 7. Nd3 g6 8. c4
Nc7 9. Be3 Bg7 10. Nc3 O-O 11. f4 Nb6 12. Ne5 Be6 13. b3 f6 14. Nd3 Bf7 15. O-O
Nd7 16. Qc2 e5 17. Rad1 exf4 18. Nxf4 Qe7 19. Bc1 f5 20. Bf3 Rfe8 21. Kh1 Qf6
22. Na4 Rac8 23. Qf2 Qd6 24. d5 c5 25. Ne6 Be5 26. Naxc5 Nxc5 27. Nxc5 b6 28.
Nd3 Bxh2 29. Bb2 Re7 30. Qd4 Kf8 31. Qg7+ Ke8 32. Bf6 Bg3 33. Bxe7 Qxe7 34. Rfe1
Ne6 35. Rxe6 1-0

[Event "1st Lido Adriano Open"]
[Site "Ravenna ITA"]
[Date "2011.04.03"]
[Round "2"]
[White "Reuben, Stewart"]
[Black "Piscopo, Pierluigi"]
[Result "1/2-1/2"]
[WhiteTitle "CM"]
[BlackTitle "IM"]
[WhiteElo "2129"]
[BlackElo "2420"]
[WhiteFideId "405256"]
[BlackFideId "809152"]
[EventDate "2011.04.02"]
[EventType "tourn"]

1. c4 e5 2. g3 Nc6 3. Bg2 f5 4. Nc3 Nf6 5. d3 Bb4 6. Bd2 O-O 7. a3 Bxc3 8. Bxc3
d6 9. e3 f4 10. exf4 exf4 11. Ne2 Qe8 12. O-O fxg3 13. Nxg3 Qg6 14. Qd2 Qg4 15.
Rae1 Qh4 16. Ne4 Ng4 17. h3 Nge5 18. Qg5 Qxg5 19. Nxg5 h6 20. f4 Ng6 21. Bd5+
Kh8 22. Nf7+ Kh7 23. f5 Nge7 24. Be6 Ng8 25. Rf3 Nf6 26. b4 Ne7 27. Ref1 Nxf5
28. Bxf5+ Bxf5 29. Nxd6 Bxh3 30. Rxh3 cxd6 31. Rhf3 Rf7 32. Bxf6 gxf6 33. Rxf6 1/2-1/2

[Event "1st Lido Adriano Open"]
[Site "Ravenna ITA"]
[Date "2011.04.03"]
[Round "2"]
[White "Stark, Lars"]
[Black "Hocevar, Nikola"]
[Result "1-0"]
[WhiteTitle "IM"]
[WhiteElo "2418"]
[BlackElo "2048"]
[WhiteFideId "4676386"]
[BlackFideId "14601524"]
[EventDate "2011.04.02"]
[EventType "tourn"]

1. c4 e6 2. g3 Nf6 3. Bg2 d5 4. Nf3 c5 5. O-O Nc6 6. cxd5 Nxd5 7. Nc3 Be7 8.
Nxd5 Qxd5 9. d4 Nxd4 10. Nxd4 Qxd4 11. Be3 Qxb2 12. Rb1 Qa3 13. Bxb7 Bxb7 14.
Rxb7 Rd8 15. Qc2 Bd6 16. Qc4 O-O 17. Rd1 Qa5 18. a4 Be5 19. Rxd8 Rxd8 20. Qxc5
Qxc5 21. Bxc5 a5 22. Ra7 Bc3 23. Bb6 Rd1+ 24. Kg2 h6 25. Bxa5 Bxa5 26. Rxa5 Ra1
27. Ra8+ Kh7 28. a5 Ra3 29. a6 Kg6 30. f4 h5 31. e4 Ra2+ 32. Kh3 f6 33. a7 Kh7
34. g4 hxg4+ 35. Kxg4 Kg6 36. Kf3 Ra3+ 37. Ke2 e5 38. fxe5 fxe5 39. h4 Kh7 40.
h5 Ra4 41. Kf3 g6 42. h6 Ra3+ 43. Kg4 Ra4 44. Kg5 Ra6 45. Re8 Rxa7 46. Rxe5 Ra6
47. Re7+ Kh8 48. e5 Kg8 49. Rg7+ Kh8 50. Rxg6 Ra1 51. Kf5 Kh7 52. Rf6 1-0

[Event "1st Lido Adriano Open"]
[Site "Ravenna ITA"]
[Date "2011.04.03"]
[Round "2"]
[White "Friedrich, Gerhard"]
[Black "Aguera Naredo, Javier"]
[Result "0-1"]
[BlackTitle "FM"]
[WhiteElo "2054"]
[BlackElo "2359"]
[WhiteFideId "24681750"]
[BlackFideId "2204169"]
[EventDate "2011.04.02"]
[EventType "tourn"]

1. d4 Nf6 2. c4 g6 3. Nf3 Bg7 4. g3 O-O 5. Bg2 d6 6. O-O Nbd7 7. Nc3 e5 8. Bg5
h6 9. Bxf6 Qxf6 10. Nd5 Qd8 11. dxe5 dxe5 12. e4 Nc5 13. Qe2 Ne6 14. Rad1 c6 15.
Nc3 Qa5 16. a3 Nd4 17. Nxd4 exd4 18. Nb1 Be6 19. Qd3 c5 20. f4 Qa6 21. b3 f5 22.
a4 fxe4 23. Qxe4 Rae8 24. Qxg6 Bxc4 25. Qxa6 Bxa6 26. Rfe1 Be2 27. Rc1 d3 28.
Bf1 Bb2 29. Rc4 Bd4+ 30. Kg2 Bf3+ 0-1

[Event "1st Lido Adriano Open"]
[Site "Ravenna ITA"]
[Date "2011.04.03"]
[Round "2"]
[White "Rivola, Franco"]
[Black "Mashinskaya, Iulia"]
[Result "1/2-1/2"]
[BlackTitle "IM"]
[WhiteElo "2035"]
[BlackElo "2350"]
[WhiteFideId "813710"]
[BlackFideId "4127609"]
[EventDate "2011.04.02"]
[EventType "tourn"]

1. g3 d5 2. f4 Nf6 3. Bg2 c6 4. Nf3 Bf5 5. d3 g6 6. c3 Bg7 7. O-O Qb6+ 8. Kh1
Nbd7 9. Qe1 O-O-O 10. a4 Rde8 11. a5 Qc7 12. Be3 e5 13. Ng5 Ng4 14. Bd2 f6 15.
Nh3 e4 16. dxe4 Bxe4 17. Nf2 Bxg2+ 18. Kxg2 h5 19. h4 Nc5 20. Nxg4 hxg4 21. Qf2
Qe7 22. b4 Ne4 23. Qxa7 Nxd2 24. Nxd2 Qxe2+ 25. Rf2 Qe3 26. Qxe3 Rxe3 27. c4 f5
28. Ra2 Rhe8 29. cxd5 cxd5 30. b5 Re2 31. Nb3 Rxa2 32. Rxa2 Kb8 33. Kf2 d4 34.
a6 bxa6 35. bxa6 Ka7 36. Nc5 Rc8 37. Nd3 Rc3 38. Ke2 Bf8 39. Kd2 Bd6 40. Ra4 Rc6
41. Rxd4 Rxa6 42. Rc4 Kb6 43. Rc8 Kb5 44. Rc2 Ra3 45. Rc3 Ra2+ 46. Rc2 Ra3 47.
Rc3 Ra2+ 48. Rc2 1/2-1/2

[Event "1st Lido Adriano Open"]
[Site "Ravenna ITA"]
[Date "2011.04.03"]
[Round "2"]
[White "Moore, Robin"]
[Black "Memarian, Milad"]
[Result "0-1"]
[WhiteElo "1837"]
[BlackElo "2028"]
[WhiteFideId "2402807"]
[BlackFideId "12503193"]
[EventDate "2011.04.02"]
[EventType "tourn"]

1. e4 c5 2. d4 e6 3. Nf3 cxd4 4. c3 dxc3 5. Nxc3 Nc6 6. Bc4 a6 7. Qe2 Nge7 8.
O-O Ng6 9. Rd1 Be7 10. Be3 b5 11. Bb3 O-O 12. Rac1 Na5 13. Nd4 Nxb3 14. Nxb3 d6
15. f4 Bd7 16. a3 Rc8 17. g4 f5 18. exf5 exf5 19. g5 Bxg5 20. fxg5 f4 21. Bd2
Qxg5+ 22. Qg2 Qd8 23. Be1 Bc6 24. Nd5 f3 25. Qg3 Rf5 26. Ne3 Rg5 27. Ng4 Ne5 28.
h3 h5 29. Nd4 Bd7 30. Bd2 Rg6 31. Nxf3 Nxf3+ 32. Qxf3 hxg4 33. Qe4 Rxc1 34. Rxc1
Qf6 35. Rf1 gxh3+ 0-1